Culture Générale - Série 76 - Statistiques

Statistiques générales
  • Ce quiz a été pris 616 fois
  • Le résultat moyen est 5 sur 10
Statistiques - réponses
Question Réponse % Correct
Dans les bras de quel dieu grec se retrouve-t-on en s'endormant ? Morphée
93%
De quel pays vient une voiture qui porte la lettre D ? Allemagne
84%
Quel est le nom du cale-pied sur lequel s'appuie un sprinteur ? Starting-block
65%
De quel massif montagneux fait partie le massif du Morvan ? Massif Central
59%
Quel chevalier de la Table ronde est également appelé "le Gallois" ? Perceval
55%
De quel pays Michelle Bachelet est- elle la Présidente depuis 2014 ? Chili
42%
Que doit la cour du Palais-Royal à l'artiste Daniel Buren ? Ses Colonnes
42%
En Inde, quels individus "hors caste" sont considérés comme impurs ? Intouchables
34%
Qui chantait "Tout doucement" en 1985 ? Bibie
24%
Quelle "Affaire" chantait le groupe "Chic planète" en 1987 ? Affaire Louis Trio
23%
Aucun quiz correspondant
Distribution des résultats
% des personnes avec chaque résultat
Percentile par nombre de réponses
Votre historique - résultats
Vous n’avez pas pris ce quiz